1152 1791 1672 1367 1776 1048 1375 1564 1269 1435 1604 1943 1089 1770 1302 1011 1959 1936 1851 1910 1146 1385 1428 1461 1152 1774 1196 1910 1792 1874 1835 1548 1688 1423 1786 1164 1290 1454 1499 1415 1812 1406 1906 1294 1997 1791 1053 1625 1821 1279 1380 1539 1994 1388 1909 1142 1992 1728 1865 1595 1189 1692 1724 1984 1364 1151 1707 1415 1684 1192 1606 1312 1884 1495 1062 1609 1476 1495 1617 1745 1742 1727 1587 1149 1945 1863 1677 1147 1215 1308 1733 1529 1218 1408 1502 1817 1049 1693 1685 BCNSPRNW ULIB Ver.6.0+V

เปลี่ยนเป็นภาษาไทย

Change to English
 แสดงรายละเอียดบรรณานุกรม
  กลับหน้าหลัก

Brief Record : Get Marc (ISO 2709) : E-mail record : QR code < ปิดหน้าต่าง
LEADER : 00000nam 2200000uu 4500
001    13399128434
003     ULIB
008    230828s2022||||th 000 0 tha d
020    ^a9786164436626
060  4 ^aWR152^bK95C
100 0  ^aKUMUTNART CHANPRAPAPH.
245 00 ^aCutaneous lupus erythematosus /^cKUMUTNART CHANPRAPAPH.
260    ^aBangkok :^bDivision of Dermatology,Department of Internal Medicine, Faculty of Medicine Ramathibodi Hospital, Machidol University,^c2022.
300    ^axvii, 512 pages :^bcolor illustrations
504    ^aIncludes bibliographical references and index.
650  0 ^aLupus erythematosus.
650  2 ^aLupus Erythematosus, Cutaneous^xpathology.
650  2 ^aLupus Erythematosus, Cutaneous^xtherapy.
945    ^p1200^l0^i010192
999    ^aประนอม เกษจรัล
รายการนี้ยังไม่มีแท็ก
คุณยังไม่ได้ล็อกอิน คุณสามารถมีกิจกรรมร่วมกับเว็บไซต์ได้ แต่ต้องล็อกอินก่อน ::
  ล็อกอิน

รายการสื่อสารสนเทศ

ลำดับที่ ประเภท เลขเรียก/บาร์โค้ด สถานที่ สถานะ
1. วิทยาศาสตร์การแพทย์ และสุขภาพ
หนังสือสำรอง
สถานะ=หนังสือสำรอง
WR152 K95C ฉ.1 
  Barcode: 010192
ห้องสมุดวิทยาเขตสวรรค์ประชารักษ์
►หนังสือทั่วไป
บนชั้น

BibComment


ยังไม่เคยถูกคอมเมนท์

คอมเมนท์ทรัพยากรรายการนี้
  คอมเมนท์: Cutaneous lupus ..


 Copyright 2026. Bcnsprnw @Library